| 000 | 01236nam a2200253 i 4500 | ||
|---|---|---|---|
| 001 | 48772 | ||
| 003 | ES-MaACL | ||
| 005 | 20250814052417.0 | ||
| 007 | t| | ||
| 008 | 950731s1876 sp ||||1| spa d | ||
| 040 |
_aCAM _bspa _cCAM |
||
| 100 | 1 |
_aDiego, Francisco de. _944544 |
|
| 245 | 1 | 0 |
_aDiscursos leídos en la sesión inaugural del año académico de 1876-77 en la Academia Médico- Quirúrgica Española, verificada el 31 de diciembre de 1876 / _cpor Francisco de Diego y José Ustariz y Escribano. |
| 260 |
_aMadrid : _b[s.n.], _c1876 ( _fHijos de Vázquez) |
||
| 300 |
_a58 p. ; _c22 cm. |
||
| 530 | _aDisponible también en sitio web. | ||
| 650 | 7 |
_aInjerto de tejidos _2embne _9152561 |
|
| 700 | 1 |
_aUstáriz y Escribano, José. _9112318 |
|
| 710 | 2 |
_aAcademia Médico-Quirúrgica Española. _91209 |
|
| 852 |
_aES-MaACL _jT-685-F-3 _z.- Dedicatoria manuscrita: "A la Biblioteca de Los Escolares Médicos", el socio fundador Gustavo Saenz Diez |
||
| 852 |
_aES-MaACL _jT-377-F-17 _z.- Fima ms. de G. Saenz Diez _z.- Sello de "Los Escolares Médicos" |
||
| 856 |
_uhttp://bibliotecadigitalhispanica.bne.es:80/webclient/DeliveryManager?pid=1834359&custom_att_2=simple_viewer _zIr a la página |
||
| 999 |
_c48772 _d48772 |
||